Statistics for The Christmas Song Quiz

Click here to take the quiz!

General Stats

  • This quiz has been taken 828 times
    (791 since last reset)
  • The average score is 9 of 15

Answer Stats

LyricSong% Correct
All is calm, all is brightSilent Night
97%
And if you ever saw it, you would even say it glowsRudolph the Red Nosed Reindeer
82%
With a corncob pipe and a button nose, and eyes made out of coalFrosty the Snowman
81%
You'd better watch out, you'd better not crySanta Claus is Coming to Town
76%
Bells on bobtails ring, making spirits brightJingle Bells
75%
Bearing gifts, we traverse afarWe Three Kings
67%
Just like the ones I used to knowWhite Christmas
66%
Peace on Earth and mercy mildHark the Herald Angels Sing
59%
O come let us adore HimO Come all ye Faithful
56%
On the Feast of Stephen, though the snow lay round aboutGood King Wenceslas
50%
Troll the ancient Yuletide carolsDeck the Halls with Boughs of Holly
42%
Above thy deep and dreamless sleep, the silent stars go byO Little Town of Bethlehem
33%
Gloooooooooooooooooooria, in excelsis DeoAngels we Have Heard on High
29%
Of all the trees in the wood, the holly bears the crownThe Holly and the Ivy
27%
Hark how the bells, sweet silver bells, all seem to say "throw cares away."Carol of the Bells
24%

Score Distribution

Percentile by Number Answered

Percent of People with Each Score

Your Score History

You have not taken this quiz since the last reset